Enciclopédia dos Porquês (Registo nº 200259)
[ vista simples ]
| 000 -Etiqueta do registo | |
|---|---|
| Valores | 00920nam 22002533 4500 |
| 010 ## - Número ISBN | |
| ISBN | 978-972-47-5013-2 |
| 021 ## - Número do Depósito Legal | |
| Código do país | Portugal |
| Número | 428921/17 |
| 100 ## - Dados gerais de processamento | |
| Dados gerais | 20260129d u||y0pory50 ba |
| 101 ## - Língua de publicação | |
| Língua | Português |
| 200 ## - Titulo e menção de responsabilidade | |
| Título próprio | Enciclopédia dos Porquês |
| Informação de outro título | Respostas Geniais a Perguntas Desconcertantes |
| Primeira menção de responsabilidade | Fleur Star (dir. ed.) |
| Outras menções de responsabilidade | Tradução de Dina Antunes ; Ilustração de Adam Benton [et al.] |
| 205 ## - Menção da edição | |
| Edição | 2ª |
| 210 ## - Publicação | |
| Local de publicação | Alfragide |
| Nome do editor | Texto Editores |
| Data de publicação | 2017 |
| 215 ## - Descrição física | |
| Paginação / Volumes | 160 p. : todo il. |
| Outras indicações físicas | Encadernado |
| Dimensões | 29 cm |
| 300 ## - Notas gerais | |
| Texto da nota | Factos fantásticos para mentes curiosas |
| 304 ## - Nota relativa ao título | |
| Texto de nota | Tít. orig.: Why? Enciclopedia<br/> |
| 606 ## - Nome comum usado como assunto | |
| ID Autoridade | 16084 |
| Palavra de ordem | Generalidades |
| Subdivisão assunto | Divulgação da Ciência |
| Subdivisão cronológica | Infantojuvenil |
| 675 ## - CDU | |
| Notação | 001.92(0.053.2)/STA/ENC |
| Edição | PT |
| Língua | por |
| 700 ## - Autor principal (pessoa individual) | |
| ID Autoridade | 16085 |
| Apelido | Star |
| Nome | Fleur |
| 701 ## - Co-autor principal (pessoa individual) | |
| ID Autoridade | 16086 |
| Apelido | Benton |
| Nome | Adam |
| 801 ## - Fonte de origem | |
| País | PT |
| Agência | BMMN |
| Regras de catalogação | RPC |
| 830 ## - Notas gerais do catalogador | |
| Criado por | Carlos Pinto |
| Data de criação | 29-01-2026 |
| Indexado por | Carlos Pinto |
| 990 ## - Elementos KOHA | |
| Tipo de documento | Livro |
| Situação do levantamento | Biblioteca de origem | Código de barras | Cota | Permissão de empréstimo | Tipo de documento | Forma de aquisição |
|---|---|---|---|---|---|---|
| Biblioteca Escolar nº 2 | 29378 | 001.92(0.053.2)/STA/ENC | Livro | Compra |